[Event "Hamburg-ch Seniors 23rd"]
[Site "Hamburg"]
[Date "2016.11.07"]
[Round "6"]
[White "Gollasch, Theo Heinz"]
[Black "Baldauf, Uwe"]
[Result "1-0"]
[WhiteElo "2072"]
[BlackElo "1678"]
[PlyCount "80"]
[EventDate "2016.11.02"]
[EventType "swiss"]
[EventRounds "9"]
[EventCountry "GER"]
[SourceTitle "EXT 2019"]
[Source "ChessBase"]
[SourceDate "2018.10.10"]
[SourceVersion "1"]
[SourceVersionDate "2018.10.10"]
[SourceQuality "1"]

1. Nf3 g6 2. c4 c5 3. Nc3 Bg7 4. g3 Nc6 5. Bg2 d6 6. 0-0 Bd7 7. Rb1 Rb8 8. a3 a5 9. d3 Nf6 10. e4 0-0 11. h3 Ne8 12. Nd5 e6 13. Nc3 Nd4 14. Nxd4 Bxd4 15. Bh6 Bg7 16. Bxg7 Nxg7 17. b4 b6 18. d4 Qf6 19. e5 dxe5 20. dxc5 Rfd8 21. Ne4 Qe7 22. cxb6 Bc6 23. Qc2 Bxe4 24. Bxe4 f5 25. Bg2 Rxb6 26. c5 Rbb8 27. c6 Qc7 28. b5 e4 29. Rfd1 Rd5 30. Rxd5 exd5 31. Qc5 Ne6 32. Qxd5 Kf7 33. Bf1 Rd8 34. Qc4 Rd4 35. Qc3 Qb6 36. Bc4 e3 37. Bxe6+ Kxe6 38. Qxe3+ Kd5 39. a4 Kd6 40. Rc1 Qc7 1-0

[Event "Hamburg-ch Seniors 23rd"]
[Site "Hamburg"]
[Date "2016.11.06"]
[Round "5"]
[White "Ristic, Sreten"]
[Black "Gollasch, Theo Heinz"]
[Result "1-0"]
[WhiteElo "1910"]
[BlackElo "2072"]
[PlyCount "127"]
[EventDate "2016.11.02"]
[EventType "swiss"]
[EventRounds "9"]
[EventCountry "GER"]
[SourceTitle "EXT 2019"]
[Source "ChessBase"]
[SourceDate "2018.10.10"]
[SourceVersion "1"]
[SourceVersionDate "2018.10.10"]
[SourceQuality "1"]

1. f4 d5 2. e3 c5 3. Nf3 Nf6 4. Be2 Nc6 5. d3 g6 6. 0-0 Bg7 7. Nc3 0-0 8. Bd2 d4 9. exd4 cxd4 10. Ne4 Qb6 11. Nxf6+ Bxf6 12. b4 a5 13. bxa5 Nxa5 14. Rb1 Qc7 15. Qc1 Nc6 16. a3 Re8 17. h3 Bg7 18. Kh1 Be6 19. Qb2 Ra7 20. Ng5 Bd5 21. Bf3 Qd6 22. Bxd5 Qxd5 23. Qb3 Qxb3 24. Rxb3 e6 25. Ne4 Rb8 26. Rfb1 Nd8 27. Bb4 Rc8 28. R1b2 Ra6 29. Be7 f5 30. Nd6 Rca8 31. Nxb7 Nc6 32. Bc5 Bf8 33. Rb6 Rxb6 34. Rxb6 Bxc5 35. Nxc5 Ne7 36. Rxe6 Kf7 37. Ra6 Rc8 38. Ra5 Nd5 39. Nb7 Ke6 40. Rc5 Ra8 41. Rc6+ Kf7 42. Nd6+ Ke7 43. Nc4 Nxf4 44. Rc7+ Kf6 45. Rxh7 Re8 46. Rf7+ Kg5 47. Kg1 Re1+ 48. Kf2 Re2+ 49. Kf3 Rxg2 50. h4+ Kxh4 51. Kxf4 Rf2+ 52. Ke5 Rxc2 53. Kxd4 Re2 54. a4 Kg3 55. Ne5 f4 56. Nxg6 f3 57. Ne5 f2 58. Nc4 Re1 59. Nd2 Kg2 60. Rg7+ Kh3 61. Rf7 Kg2 62. a5 Rh1 63. Rf5 Rd1 64. Nc4 1-0

[Event "Hamburg-ch Seniors 23rd"]
[Site "Hamburg"]
[Date "2016.11.02"]
[Round "1"]
[White "Ziehm, Holger"]
[Black "Gollasch, Theo Heinz"]
[Result "0-1"]
[WhiteElo "1676"]
[BlackElo "2072"]
[PlyCount "68"]
[EventDate "2016.11.02"]
[EventType "swiss"]
[EventRounds "9"]
[EventCountry "GER"]
[SourceTitle "EXT 2019"]
[Source "ChessBase"]
[SourceDate "2018.10.10"]
[SourceVersion "1"]
[SourceVersionDate "2018.10.10"]
[SourceQuality "1"]

1. e4 c5 2. Nc3 Nc6 3. Nf3 g6 4. Bc4 Bg7 5. 0-0 d6 6. d3 e6 7. Be3 Nf6 8. h3 d5 9. exd5 exd5 10. Bxc5 dxc4 11. Re1+ Be6 12. Ng5 Qd7 13. dxc4 Qxd1 14. Raxd1 Rd8 15. Nxe6 fxe6 16. Rxe6+ Kf7 17. Rde1 Nd7 18. Ba3 Bxc3 19. bxc3 Rhe8 20. Rxe8 Rxe8 21. Rd1 Nde5 22. Bc5 b6 23. Bd4 Nxc4 24. Kf1 Re4 25. Bh8 Ke6 26. g3 Nd6 27. Re1 Rxe1+ 28. Kxe1 Kd5 29. f3 Kc4 30. Kd2 Ne7 31. Be5 Nf7 32. Bf6 Nd5 33. Bg7 Ng5 34. f4 Ne4+ 0-1

[Event "Schleswig Holstein-ch Seniors op 10th"]
[Site "Buesum"]
[Date "2016.10.02"]
[Round "7"]
[White "Gollasch, Theo Heinz"]
[Black "Fleischer, Martin"]
[Result "1-0"]
[WhiteElo "2091"]
[BlackElo "1900"]
[PlyCount "79"]
[EventDate "2016.09.26"]
[EventType "swiss"]
[EventRounds "9"]
[EventCountry "GER"]
[SourceTitle "EXT 2019"]
[Source "ChessBase"]
[SourceDate "2018.10.10"]
[SourceVersion "1"]
[SourceVersionDate "2018.10.10"]
[SourceQuality "1"]

1. Nf3 e6 2. c4 c5 3. g3 Nc6 4. Bg2 Nf6 5. 0-0 Qc7 6. Nc3 a6 7. e4 d6 8. d4 cxd4 9. Nxd4 Nxd4 10. Qxd4 e5 11. Qd3 Be6 12. b3 Be7 13. h3 0-0 14. Rd1 Rac8 15. Na4 Bd7 16. Nb2 b5 17. Bg5 bxc4 18. Nxc4 Bb5 19. Rac1 Rfd8 20. Bxf6 Bxf6 21. Qd2 Bxc4 22. Rxc4 Qb8 23. Rdc1 Rxc4 24. Rxc4 Be7 25. Qa5 Qb5 26. Ra4 Rc8 27. Qxa6 Rc1+ 28. Kh2 Qc5 29. Qa7 Bf8 30. Qxc5 dxc5 31. Bf3 g6 32. Ra8 Rc3 33. Kg2 Kg7 34. Be2 f5 35. exf5 gxf5 36. Bc4 h5 37. Ra7+ Kg6 38. Bf7+ Kg5 39. h4+ Kg4 40. f3+ 1-0

[Event "Schleswig Holstein-ch Seniors op 10th"]
[Site "Buesum"]
[Date "2016.10.01"]
[Round "6"]
[White "Wittkugel, Friedhelm"]
[Black "Gollasch, Theo Heinz"]
[Result "0-1"]
[WhiteElo "1922"]
[BlackElo "2091"]
[PlyCount "140"]
[EventDate "2016.09.26"]
[EventType "swiss"]
[EventRounds "9"]
[EventCountry "GER"]
[SourceTitle "EXT 2019"]
[Source "ChessBase"]
[SourceDate "2018.10.10"]
[SourceVersion "1"]
[SourceVersionDate "2018.10.10"]
[SourceQuality "1"]

1. d4 d5 2. Nf3 Nf6 3. c4 e6 4. e3 c6 5. Nc3 Nbd7 6. Qc2 Bd6 7. Bd3 dxc4 8. Bxc4 0-0 9. 0-0 e5 10. Bd3 h6 11. h3 Re8 12. Re1 Qe7 13. e4 exd4 14. Nxd4 Nc5 15. Nf3 Nxd3 16. Qxd3 Bc7 17. Bd2 Be6 18. Rad1 b5 19. b3 Red8 20. Qc2 a6 21. Ne2 c5 22. Nf4 Bxf4 23. Bxf4 c4 24. Nd4 cxb3 25. axb3 Rdc8 26. Qb1 Bd7 27. Nf3 Bc6 28. Rd4 Rd8 29. Rxd8+ Rxd8 30. Nd2 a5 31. f3 Qb4 32. Qc2 Be8 33. Be3 a4 34. bxa4 bxa4 35. Rb1 Qa5 36. Nc4 Rc8 37. Qa2 Qc3 38. Rc1 Qd3 39. Qa3 Qxa3 40. Nxa3 Rb8 41. Rc3 Bd7 42. Bc1 Be6 43. Kf2 Kf8 44. Ke3 g5 45. g4 Kg7 46. Nc2 Rc8 47. Rxc8 Bxc8 48. Nd4 Bd7 49. Ba3 Kg6 50. Ne2 h5 51. Nc3 Ne8 52. e5 Nc7 53. Ne4 h4 54. Nd6 Nd5+ 55. Kf2 Nf4 56. Ne4 Nd3+ 57. Kg2 Bc6 58. Bd6 Bxe4 59. fxe4 Nb2 60. Bb4 Nc4 61. Bc3 a3 62. Kf2 Nb6 63. Ke2 Nd7 64. Bd4 a2 65. Kd2 Nf8 66. Kc2 Ne6 67. Bc3 Nf4 68. Kb2 Nxh3 69. Bd4 Nf4 70. Kxa2 Ne2 0-1

[Event "Schleswig Holstein-ch Seniors op 10th"]
[Site "Buesum"]
[Date "2016.09.28"]
[Round "3"]
[White "Gollasch, Theo Heinz"]
[Black "Hess, Christian"]
[Result "0-1"]
[WhiteElo "2091"]
[BlackElo "2219"]
[PlyCount "76"]
[EventDate "2016.09.26"]
[EventType "swiss"]
[EventRounds "9"]
[EventCountry "GER"]
[SourceTitle "EXT 2019"]
[Source "ChessBase"]
[SourceDate "2018.10.10"]
[SourceVersion "1"]
[SourceVersionDate "2018.10.10"]
[SourceQuality "1"]

1. Nf3 c5 2. g3 Nc6 3. Bg2 g6 4. d4 cxd4 5. Nxd4 Bg7 6. c3 Nf6 7. e4 0-0 8. 0-0 Qb6 9. Nb3 d6 10. h3 Be6 11. Be3 Qa6 12. Nd4 Bd7 13. Re1 Rfd8 14. Nd2 b6 15. Qe2 Qxe2 16. Rxe2 Rac8 17. N2b3 Ne5 18. f4 Nc4 19. Bf2 e5 20. fxe5 dxe5 21. Nf3 Bc6 22. Ne1 Rd7 23. a4 Rcd8 24. Bf3 Rd1 25. Ra2 Bh6 26. a5 Nd2 27. Nxd2 Bxd2 28. axb6 axb6 29. Kh2 Bb5 30. Ng2 Bxe2 31. Bxe2 Rc1 32. Bxb6 Rc8 33. Bd3 Nd7 34. Be3 Bxe3 35. Nxe3 Nc5 36. Bc2 Rd8 37. b4 Rd2+ 38. Ng2 Rcxc2 0-1

[Event "Berlin-ch Seniors op 32nd"]
[Site "Berlin"]
[Date "2016.02.03"]
[Round "8"]
[White "Gollasch, Theo Heinz"]
[Black "Postler, Reinhard"]
[Result "1/2-1/2"]
[WhiteElo "2078"]
[BlackElo "2198"]
[PlyCount "65"]
[EventDate "2016.01.26"]
[EventType "swiss"]
[EventRounds "9"]
[EventCountry "GER"]
[SourceTitle "EXT 2019"]
[Source "ChessBase"]
[SourceDate "2018.10.10"]
[SourceVersion "1"]
[SourceVersionDate "2018.10.10"]
[SourceQuality "1"]

1. d4 Nf6 2. c4 e6 3. g3 c5 4. Bg2 cxd4 5. Qxd4 Nc6 6. Qf4 d5 7. cxd5 Nxd5 8. Qa4 Bd7 9. Qd1 Rc8 10. Nf3 Ncb4 11. Na3 Qb6 12. 0-0 Qa6 13. e4 Ba4 14. Qd2 Nf6 15. Ne5 Nc2 16. Nxc2 Rxc2 17. Qd3 Bc5 18. b3 Qxd3 19. Nxd3 Bd4 20. Nb4 Rc8 21. Rb1 Bb5 22. Rd1 Rd8 23. Bb2 Bxb2 24. Rxd8+ Kxd8 25. Rxb2 a5 26. a4 axb4 27. axb5 Kc7 28. Rc2+ Kb6 29. Rc4 Rd8 30. Bf1 Rd2 31. h3 Nd7 32. Rxb4 Nc5 33. e5 1/2-1/2